000 00334nam a2200133Ia 4500
008 150201s2004 xx 000 0 und d
082 _a610.72
_bI04A
100 _aAKHTAR,RAIS
245 _aINDIA,HEALTHE CARE PATTERN AND PLANNINGS
250 _a1ST
260 _bAITBS
_aDELHI
_c2004
650 _aCOMMUNITY MEDICINE
942 _2ddc
_cBK
999 _c1165
_d1165